01272nam a2200289 u 450000100070000000500170000700800410002403500110006504000130007604100080008908000060009710000380010324500810014126000430022230000140026552004430027965000110072265000250073365000260075865000370078465000300082165000320085170000380088370000410092150200120096252600080097495168420260506155848.0051025s1999 ||||||m| spa  a951684 ccomduadb aspa aD10aRincon A., Maria Ursula4auteaut13aEl educador especial : una nueva alternativa en procesos de rehabilitación aMedellín :b[sin publicador],c1999. a171 hojas3 aDiseñar y aplicar una propuesta de intervención pedagógica al interior del Proyecto Prevocacional del Centro de Servicios Pedagógicos de la Facultad de Educación de Universidad de Antioquia con jóvenes entre 12 y 16 años limitados sensoriales con déficits asociados que contribuya a la exploración, desarrollo y afianzamiento de sus habilidades y potencialidades cognitivas, motoras, socio-afectivas y socio-familiares.  aCiegos aSordos - Educación aInterdisciplinariedad aRehabilitacion de discapacitados aRetardo mental en niños aLicenciatura en Educación10aZuluaga G., Merly Maria4auteaut10aZuluaga R., Doris Patricia4auteaut b145c15 a147